| 000 | 01117nam a2200277 i 4500 | ||
|---|---|---|---|
| 001 | bg | ||
| 100 | 1 |
_aSLATER, Robert _d(1943- ) |
|
| 245 | 1 | 0 |
_aBig Blue : _blekcje przywództwa i taktyka uzdrawiania przedsiębiorstw Lou Gerstnera Prezesa i Dyrektora Generalnego IBM / _cRobert Slater ; [tł. Ryszard Kalamarz]. |
| 246 |
_iTyt. oryg.: _aSaving Big Blue : leadership lessons and turnaround tactics of IBM's Lou Gerstner |
||
| 260 |
_aKraków : _b"IFC Press", _c2000. |
||
| 300 |
_a149 s. ; _c24 cm. |
||
| 500 | _aTyt. oryg.: "Saving Big Blue : leadership lessons and turnaround tactics of IBM's Lou Gerstner" 1999. | ||
| 504 | _aIndeks. | ||
| 600 | 1 | 9 | _aGerstner, Lou (1942- ) |
| 610 | 2 | 9 |
_aIBM _yod 1989 r. |
| 650 | 9 |
_aKomputery _xprzemysł _zStany Zjednoczone _yod 1989 r. |
|
| 650 | 9 |
_aMonopole _zStany Zjednoczone _yod 1989 r. |
|
| 650 | 9 |
_aZarządzanie _xmetody _zStany Zjednoczone _yod 1989 r. |
|
| 020 | _a8391147533 | ||
| 040 | _cBPK | ||
| 041 | 1 |
_apl _hen |
|
| 080 | _a658.1/.5.012.4:004:334.75](73)"1989/..." | ||
| 920 | _a83-911475-3-3 | ||
| 942 | _cKS | ||
| 008 | s pl f |000 0 pol | ||
| 999 |
_c37310 _d37310 |
||